01357cam a2200313 a 4500001001400000003000800014005001700022006001900039007001500058008004100073020003800114040003000152050002300182082001400205100002900219245012600248260002700374300004400401520025200445521001700697588004700714504005100761650001600812655002900828700003000857710001600887776003500903856010500938EDZ0000104850StDuBDS20161031105112.0m||||||||d||||||||cr |||||||||||121017s2011 enka fo| 001|0|eng|d a9781446269626 (ebook) :cNo price aStDuBDSbengcStDuBDSepn 0aBF636.6b.M45 201104a158.32231 aMeier, Augustine,d1933-10aCounselling and therapy techniquesh[electronic resource] :btheory and practice /cAugustine Meier and Micheline Boivin. aLondon :bSAGE,c2011. a1 online resource (vii, 182 p.) :bill.8 aThis volume looks in detail at the practical interventions and tools used to establish the therapeutic relationship. The text teaches the reader exactly how to use these skills with clients to address their concerns and achieve therapeutic change. aSpecialized. aDescription based on print version record. aIncludes bibliographical references and index. 0aCounseling. 7aElectronic books.2local1 aBoivin, Micheline,d1950-2 aSage eBooks08iPrint version :z978184787958540uhttp://ezproxy.alfaisal.edu/login?url=http://sk.sagepub.com/books/counselling-and-therapy-techniques